Associe la chanson à son rappeur Français - Statistiques

Statistiques générales
  • Ce quiz a été pris 415 fois
    376 depuis la dernière actualisation
  • Le résultat moyen est 13 sur 21
Statistiques - réponses
Titres
Artiste
% Correct
Onizuka Pnl
94%
Tout en gucci Ninho
92%
Celine 3X Gazo
88%
Train de vie Koba LaD
85%
Je la connais SCH
83%
Papa allo Alonzo
76%
A.C Milan Booba
73%
Chargé Kaaris
62%
Yakalelo SDM
59%
Pousse toi Tiakola
56%
4 juin 2022 Jul
55%
Journée Niska
54%
Saison 2 Kerchak
51%
Vamos Naps
49%
Croire Djadja et Dinaz
48%
7.65 Zola
47%
Acharné 4 ISK
46%
O'KCLH 4keus
44%
Arrivant Timal
43%
Akapo 7 Uzi
39%
Luva Kaza
13%
Aucun quiz correspondant
Distribution des résultats
% des personnes avec chaque résultat
Percentile par nombre de réponses
Votre historique - résultats
Vous n’avez pas pris ce quiz depuis la dernière actualisation